Welcome to the Holygrace Academy Library

Please use search bar below to get started

DO IT TODAY (Record no. 9174)

MARC details
000 -LEADER
fixed length control field 00289nam a22001337a 4500
082 ## - DEWEY DECIMAL CLASSIFICATION NUMBER
Classification number 158
Item number FOR/D
100 ## - MAIN ENTRY--AUTHOR NAME
Personal name FOROUX, DARIUS
245 ## - TITLE STATEMENT
Title DO IT TODAY
246 ## - VARYING FORM OF TITLE
Title proper/short title DO IT TODAY
Remainder of title DO IT TODAY
260 ## - PUBLICATION, DISTRIBUTION, ETC. (IMPRINT)
Place of publication NEW DELHI
Name of publisher PENGUIN
Year of publication 2025
300 ## - PHYSICAL DESCRIPTION
Number of Pages 142
650 ## - SUBJECT ADDED ENTRY--TOPICAL TERM
Topical Term MOTIVATIONAL
942 ## - ADDED ENTRY ELEMENTS (KOHA)
Koha item type Books
Holdings
Withdrawn status Lost status Collection code Home library Current library Date acquired Source of acquisition Cost, normal purchase price Full call number Accession Number Koha item type
    SELF STUDY , MOTIVATIONAL Main Library Main Library 02/12/2025 PURCHASED 199.00 158 FOR/D 13885 Books